000 00991nam a2200217Ia 4500
001 11132
003 GE_BSU
008 181216s||||||||xx |||||||||||||| ||und||
040 _cGE_BSU
080 _a621.81(075.8)
100 _aეზიკაშვილი,ო. ჭელიძე,დ.
245 _aმანქანათა ნაწილები.გაანგარიშების ტიპური მაგალითები და საკონტროლო ამოცანები.
245 _cრედ:ჩ.გურგენიძე.
260 _aთბილისი.
260 _bგანათლება.
260 _c1984.
300 _a720გვ;22სმ.
300 _eცხრ.გვ.625-719.
653 _aმანაქანათა ნაწილები.გაანგარიშების ტიპური მაგალითები და საკონტროლო ამოცანები.
942 _cBK
999 _c44370
_d44370